|
|
|
|
| LEADER |
01147nam a2200277 a 4500 |
| 001 |
1923 |
| 003 |
BD-DhAAL |
| 005 |
20151208115552.0 |
| 008 |
151208s1995 bg a 000 0 beno |
| 010 |
|
|
|a 95902389
|
| 020 |
|
|
|z 9848161034
|
| 040 |
|
|
|a DLC
|c DLC
|d BD-DhAAL
|
| 050 |
0 |
0 |
|a HC440.8
|b .P35 1995
|
| 082 |
|
|
|a 338.95492
|
| 100 |
1 |
|
|a পাল, বিরূপাক্ষ.
|9 16710
|
| 245 |
1 |
0 |
|a উন্নয়ন বিতর্কে বাংলাদেশের অর্থনীতি /
|c বিরূপাক্ষ পাল.
|
| 260 |
|
|
|a ঢাকা :
|b র্যামন পাবলিশার্স,
|c ১৯৯৫.
|
| 300 |
|
|
|a ১৩৫ পৃ. :
|b চিত্র ;
|c ২২ সে.মি.
|
| 500 |
|
|
|a In Bengali.
|
| 520 |
|
|
|a On economic development and budgetary provisions of Bangladesh.
|
| 541 |
|
|
|e 1923
|
| 651 |
|
0 |
|a Bangladesh
|x Economic conditions.
|9 16711
|
| 651 |
|
0 |
|a Bangladesh
|x Economic policy.
|9 16712
|
| 942 |
|
|
|2 ddc
|c BK
|
| 999 |
|
|
|c 36369
|d 36369
|
| 952 |
|
|
|0 0
|1 0
|2 ddc
|4 0
|6 338_954920000000000_PAL
|7 0
|9 57194
|a SCL
|b SCL
|c GEN
|d 2015-12-08
|g 75.00
|l 0
|o 338.95492 PAL
|p 3020001923
|r 2015-12-08
|t 1
|w 2015-12-08
|y BK
|